| Tag |
First Indicator |
Second Indicator |
Subfields |
| LEADER |
00000pam a2200000 a 4500 |
| 001 |
in00000577014 |
| 005 |
20151014065939.0 |
| 008 |
841126s1985 nyu b 00110 eng |
| 010 |
|
|
|a 84045805
|
| 020 |
|
|
|a 0801417767 (alk. paper)
|
| 035 |
|
|
|a (OCoLC)11518627
|
| 035 |
|
|
|9 ACN8524AM
|
| 039 |
0 |
|
|a 2
|b 3
|c 3
|d 3
|e 3
|
| 040 |
|
|
|a DLC
|c DLC
|d TXA
|d UtOrBLW
|
| 043 |
|
|
|a e-fr---
|
| 049 |
|
|
|a TXAM
|c [A09119756]
|
| 050 |
0 |
0 |
|a BR372.S8
|b A27 1985
|
| 082 |
0 |
|
|a 274.4/3835
|2 19
|
| 100 |
1 |
|
|a Abray, Lorna Jane.
|
| 245 |
1 |
4 |
|a The people's Reformation :
|b magistrates, clergy, and commons in Strasbourg, 1500-1598 /
|c Lorna Jane Abray.
|
| 264 |
|
1 |
|a Ithaca, N.Y. :
|b Cornell University Press,
|c 1985.
|
| 300 |
|
|
|a 272 pages ;
|c 24 cm.
|
| 336 |
|
|
|a text
|b txt
|2 rdacontent
|
| 337 |
|
|
|a unmediated
|b n
|2 rdamedia
|
| 338 |
|
|
|a volume
|b nc
|2 rdacarrier
|
| 500 |
|
|
|a Includes index.
|
| 504 |
|
|
|a Bibliography: pages 253-263.
|
| 650 |
|
0 |
|a Reformation
|z France
|z Strasbourg.
|
| 650 |
|
0 |
|a Laity
|z France
|z Strasbourg
|x History
|y 16th century.
|
| 651 |
|
0 |
|a Strasbourg (France)
|x Church history.
|
| 999 |
|
|
|a MARS
|
| 999 |
f |
f |
|s e1a94b05-6116-38c4-adc1-fcfd01d4f9a5
|i a7130e90-8456-3087-9f87-5d53902c4f6e
|t 0
|
| 952 |
f |
f |
|p normal
|a Texas A&M University
|b College Station
|c Sterling C. Evans Library
|d Evans: Library Stacks
|t 0
|e BR372.S8 A27 1985
|h Library of Congress classification
|i unmediated -- volume
|m A14809119756
|
| 998 |
f |
f |
|a BR372.S8 A27 1985
|t 0
|l Evans: Library Stacks
|